00749cam a22002177a 4500003000500000005001700005008004100022010001000063011001000073035001000083040000900093100003700102245016500139260004100304300001000345502007500355650002000430650002400450650002800474700002900502CHAP20220329142411.0001123d2000 mx r 00110 spa d a82947 a83919 a94438 cCHAP00aMéndez López, Rocío Mirna.10aComportamiento productivo de ovinos y de una pradera de Dactylis glomerata a tres, cargas animalesc/por Méndez López Rocío Mirna y Villegas Orona Alfredo aChapingo, Méx. :bEl autor,c2000. a76 h. aTesis (Ing. Agr. Esp. en Zootecnia) -- UACH. Departamento de Zootecnia14aCarga ganadera.14aDactylis glomerata.14aGanado lanarxPastoreo.0 aVillegas Orona, Alfredo.